Представление документа в формате MARC21

ПолеНазваниеЗначение
  Тип записи a
  Библиографический уровень m
001 Контрольный номер RU\infra-m\znanium\bibl\2235105
005 Дата корректировки 20260429142219.9
008 Кодируемые данные 260120s2025 RU g rus u
020 Индекс ISBN __
a ISBN 978-5-6042320-7-1
040 Источник каталогиз. __
a Служба первич. каталог. Общество с ограниченной ответственностью «ЗНАНИУМ»
041 Код языка издания __
a Код языка текста rus
044 Код страны публикации __
a Код страны публикации RU
080 Индекс УДК __
a Индекс УДК 004
080 Индекс УДК __
a Индекс УДК 65
084 Индекс другой классификации/Индекс ББК __
2 Источник индекса rubbk
a Индекс другой классификации/Индекс ББК 3297
084 Индекс другой классификации/Индекс ББК __
2 Источник индекса rubbk
a Индекс другой классификации/Индекс ББК 6529
100 Автор __
a Автор Кулагин В.
q Полное имя Кулагин Владимир
245 Заглавие __
a Заглавие Digital @ Scale: Настольная книга по цифровизации бизнеса
b Продолж. заглавия Научно-популярная литература
250 Сведения об издании __
a Основные сведения об издании 1
260 Выходные данные __
a Место издания Москва
b Издательство Интеллектуальная Литература
c Дата издания 2026
300 Физическое описание __
a Объем 296 с.
520 Аннотация __
a Аннотация Мы живем в эпоху когда цифровая революция вошла в свою решающую фазу — интернет использует каждый второй житель Земли. Целые отрасли претерпевают кардинальные изменения из-за появления цифровых игроков. В эпоху цифровых технологий выживание компаний зачастую зависит от того способны ли они пересмотреть свои отношения с клиентами переосмыслить такие важные элементы собственной бизнес-модели как производственный контроль и взаимодействие с поставщиками а может и вовсе изменить саму модель монетизации своих услуг. Отказ признавать необходимость этих изменений чреват проигрышем и уходом с рынка. Что же конкретно нужно изменить именно в вашей компании и как это сделать? В этой книге вы найдете ответы на эти вопросы узнаете опыт известных международных и российских компаний что поможет вам и вашему бизнесу успешно провести цифровую трансформацию и с легкостью стать частью нового цифрового мира.
521 Примеч. о цел. назн. __
a Примеч. о целев. назн. Дополнительное профессиональное образование
650 Тематические рубрики __
a Основная рубрика Бизнес. Предпринимательство. Сервис
x Основная подрубрика Популярная литература по бизнесу
655 Указ. предметных рубрик (устаревшее) __
a Жанр/ форма (устаревшее) Научно-популярная литература
700 Другие авторы __
a Другие авторы Сухаревски А.
q Полное имя Сухаревски Александр
700 Другие авторы __
a Другие авторы Мефферт Ю.
q Полное имя Мефферт Юрген
856 Электронный адрес документа 4_
a Имя сервера/домена znanium.ru
m Помощь ebs_support@infra-m.ru
n Местонахождение сервера НИЦ ИНФРА-М
u URL https://znanium.ru/catalog/document?id=473478
856 Электронный адрес документа 48
a Имя сервера/домена znanium.ru
d Путь /cover/2235
f Электронное имя 2235105.jpg
q Тип электронного формата image/jpeg
u URL https://znanium.ru/cover/2235/2235105.jpg
911 __
u 0030=https://znanium.ru/catalog/document?id=473478